000 00641nam a22001937a 4500
999 _c196724
_d196724
005 20230721160502.0
010 _aENG-137524
020 _c250.00
_a9789390569892
035 _aEN-121056
037 _bDBAD/PUB
082 _a230.4
100 _aWilson, Viju
245 _aFaith Seeking Praxis/
_cby Viju Wilson
246 _aEssays on Subaltern Agency, Church and Praxis of Faith
260 _aDelhi
_bThe Indian Society for Promoting Christian Knowledge (ISPCK)
_c2022
270 _aPost Box 1585, 1654, Madarsa Road, Kashmere Gate
_bDelhi
_e110006
300 _a211;p.
_c22cm(pbk)
942 _2ddc
_cEN
_h230.4
_mWIL